| 000 | 00561nam a22001817a 4500 | ||
|---|---|---|---|
| 003 | CEME | ||
| 005 | 20210628202409.0 | ||
| 008 | 210302b xxu||||| |||| 00| 0 eng d | ||
| 020 | _a0-8031-1276-9 | ||
| 040 | _c. | ||
| 082 | _a620.166 ENV | ||
| 100 |
_aLeis, Brain N Crooker, Thomas W _959752 |
||
| 245 | _aEnvironmentally assisted cracking: science and engineering | ||
| 260 |
_aASTM _bASTM _c1990 |
||
| 300 | _a544P | ||
| 650 |
_aALLOYS-FRACTURE-ENVIROMENTAL ASCPCTS CONGRESSES; METALS-FRACTUR-ENVIRONMENTAL ASPECTS CONGRESSES _959753 |
||
| 942 |
_cBK _2ddc |
||
| 999 |
_c569654 _d569654 |
||